000 01755nam a22004217a 4500
003 CHAP
005 20220329143739.0
008 110530s2011 mx r 00010 spa d
010 _a101336
011 _a102308
035 _a112996
040 _cCHAP
090 _aTesis
100 1 _aMartínez Aguilar, Aurea.
_971771
245 1 0 _aEstudio sociotécnico para promover la ampliación de la denominación de origen mezcal a la zona productora del Estado de Puebla
_h[En línea]
_c/por Aurea Martínez Aguilar y Martín Martínez Hernández
260 _aChapingo, Méx. :
_bEl autor,
_c2011
500 _aPara ver el contenido del material haga clic en la liga
502 _aTesis (Ing. Agroindustrial) -- UACH. Departamento de Ingeniería Agroindustrial
530 _aLa copia 3 se encuentra en formato impreso
590 _aALEPH
_b10
_c20130110
_lUCH01
_h1540
590 _aBATCH-UPD
_b10
_c20130110
_lUCH01
_h1649
590 _aBATCH-UPD
_b10
_c20130410
_lUCH01
_h1038
590 _aBATCH-UPD
_b10
_c20130913
_lUCH01
_h2002
590 _aBATCH-UPD
_b10
_c20140324
_lUCH01
_h1525
590 _aBATCH-UPD
_b10
_c20141002
_lUCH01
_h0849
590 _aCONVERSION
_b10
_c20130109
_lUCH01
_h1356
650 1 4 _aAgave mezcalero.
_91105
650 1 4 _aDestilación.
_932202
650 1 4 _aMezcal
_xElaboración.
_975354
650 1 4 _aMezcal
_xPuebla.
_975359
700 1 _aMartínez Hernández, Martín.
_972162
856 _3Finding aid
_uhttp://10.13.5.2/tesis/112996.pdf
_zTeclea aqui
901 _aBK
942 _cFOLL
949 _aTesis
_bBC
_cTES
_d33724002250702
_eTS1
_gDonaciØn
_h52305
_i112996
_st
949 _aTesis
_bBC
_cTES
_d33724002250743
_eTS2
_fc.2
_gDonaciØn
_h52306
_i112996
_st
949 _aTesis
_bBC
_cTES
_d33724002250801
_eTS2
_fc.3
_h52319
_i112996
_sb
999 _c101336
_d101336